Ultraderecha: 10 meses a la ofensiva
Salvato in:
| Natura: | testo |
|---|---|
| Soggetti: | |
| Tags: |
Aggiungi Tag
Nessun Tag, puoi essere il primo ad aggiungerne!!
|
MARC
| LEADER | 00000 a a2200000 04500 | ||
|---|---|---|---|
| 001 | 7051 | ||
| 003 | |||
| 040 | |||
| 245 | |a Ultraderecha: |b 10 meses a la ofensiva | ||
| 650 | |a POLOS DE CRECIMIENTO | ||
| 650 | |a SOCIEDAD | ||
| 650 | |a PARTIDOS POLITICOS | ||
| 650 | |a SALUD | ||
| 650 | |a EDUCACION | ||
| 650 | |a POLITICA ECONOMICA | ||
| 650 | |a PROPIEDAD PRIVADA | ||
| 650 | |a CRISIS | ||
| 650 | |a GOBIERNO | ||
| 650 | |a CRISIS POLITICA | ||
| 650 | |a FUERZAS ARMADAS | ||
| 773 | |g volumen 12, número 136; páginas 3-15 | ||
| 999 | |c 27551 |d 27551 | ||
